LEADER 01755nam a2200361 u 4500 001 000000006151 003 CaOOAMICUS 005 20070226104837.0 008 940928s1984 it c u000 u ita u 035 $a10157645 040 $aPUL(R)$bita 100 1 $aAstuti, Guido,$d1910-1980.$0(OLS)http://pul/name/4396 245 10$aTradizione romanistica e civiltà giuridica europea /$cGiorgio Astuti ; Raccolta di scritti a cura di Giovanni Diurni ; Prefazione di Giovanni Cassandro. 260 $a[Napoli] :$bEdizioni scientifiche italiane,$c[1984] 300 $a3 v. :$btav. (ritr.) ;$c24 cm 490 1 $aIus nostrum.$a2a Serie ;$vI, 1-3 500 $aContiene indici. 500 $aPaginazione continua. 504 $aBibliografia in nota. 650 4$aDiritto romano.$0(OLS)http://pul/subject/382 830 0$aIus nostrum.$n2a Serie ;$vI, 1-3.$0(OLS)http://pul/title/1294 850 $aPUL 852 $aPUL$W1$xSL Diritto e Scienze Sociali 1$y4$m183 B 66-68$j8742$nBK-PRI$b $qStampati$B8742$CPULBib$Z2$F8742 $H $81 852 $aPUL$W1$xSL Diritto e Scienze Sociali 1$y4$m183 B 66-68$j8742$nBK-PRI$b $qStampati$B8743$CPULBib$Z2$F8743 $H $81 852 $aPUL$W1$xSL Diritto e Scienze Sociali 1$y4$m183 B 66-68$j8742$nBK-PRI$b $qStampati$B8744$CPULBib$Z2$F8744 $H $81 941 1 $a8 960 $aRoman law$9382 960 $aRoman law$9382 961 $aINV: 67900-67902 961 $aINV: 67900-67902 961 $aINV: 67900-67902 996 $6245$aTradizione romanistica e civiltà giuridica europea$9(OLS)http://pul/title/9061 996 $6260$a[Napoli] :$bEdizioni scientifiche italiane$9(OLS)http://pul/publisher/51167 LEADER 00967nam a2200253 a 4500 001 000000142017 003 CaOOAMICUS 005 20150226140447.0 008 150226s1967 enkba u000 u eng r 020 $a0-09-034435-9 040 $aPUL$bita 100 1 $aSouthern, R. W.$q(Richard William),$d1912-$0(OLS)http://pul/name/27467 245 14$aThe making of the Middle Ages /$cR.W. Southern. 260 $aLondon :$bHutchinson,$c1967. 300 $a263 p. :$bill., c. geog. ;$c22 cm 500 $aInclude indici. 650 4$aMedioevo.$0(OLS)http://pul/subject/9226 850 $aPUL 852 $aPUL$W1$xDP1 Fondo Capitani$y116$m10 B 52$j163912$qFondi$B163968$CPULBib$Z2$F163968 $HCap3 $82 941 1 $a1 996 $6020$a0-09-034435-9$9(OLS)http://pul/number/157082 996 $6245$aThe making of the Middle Ages$9(OLS)http://pul/title/179761 996 $6260$aLondon :$bHutchinson$9(OLS)http://pul/publisher/65437